| 000 | 00814nam a2200229Ia 4500 | ||
|---|---|---|---|
| 003 | OSt | ||
| 005 | 20220923220953.0 | ||
| 006 | a|||||r|||| 00| 0 | ||
| 007 | ta | ||
| 008 | 220922b |||||||| |||| 00| 0 hin d | ||
| 024 | _a193,021 | ||
| 037 | _cTextual | ||
| 040 |
_aARTS _cARTS _bhin |
||
| 041 |
_2hin _ahin |
||
| 082 | _aV2:1:N5, 152K6 | ||
| 100 | _aशर्मा, एस. आर. | ||
| 245 | 0 | _aआधुनिक भारत का निर्माण सन् 1526 से सन् 195 तक, अनु अम्बिकाचरण शर्मा | |
| 246 | _aĀdhunik bhārat kā nirmāṇ san 1526 se san 1950 taka, anu0 ambikācharaṇ sharmā | ||
| 260 | _c1966 | ||
| 942 |
_hV2:1:N5, 152K6 _cTEXL _2CC |
||
| 999 |
_c345522 _d345522 |
||